000 01837nam a2200325 i 4500
001 768714001
003 CO-MdFUSB
005 20220216165942.0
007 ta
008 220210t2021 sp |||| |||| 00| 0 spa d
020 _a9788411000048
040 _aCO-MdFUSB
_bspa
_cCO-MdFUSB
_dCO-MdFUSBC
_erda
041 _aspa
082 _223
_a920
_bL951
100 _aLugilde, Anxo,
_eautor
245 1 3 _aLa vieja compañera :
_bmis treinta años de lucha contra la depresión.
_c/ Anxo Lugilde ; prólogo por Jordi Juan.
264 1 _aBarcelona, España :
_bPenínsula,
_c[2021]
264 4 _c© 2021
300 _a270 páginas
_c; 22 cm
336 _2rdacontent
_atexto
_btxt
337 _2rdamedia
_asin mediación
_bn
338 _2rdacarrier
_avolumen
_bnc
490 _aPenínsula
505 _tAsí salí del armario de la depresión.
_tCon la mano izquierda atada a la silla.
_tLaureano, el Chuchill que vio venir a la Vieja compañera.
_tCuando miraba el horario de los trenes sin querer viajar.
_tEl Ribeiro de la caballería polaca.
_tMi Dieppe del Prozac.
_tDescifrando Enigma en Bucaco.
_tLa línea Maginot de la Falsa Alegre compañera.
_tLas Ardenas I, el primer bloqueo cerebral.
_tLas británicas aguas termales de Ourense.
_tLa operación Barbarroja, la recaída más anunciada.
_tPearl Harbour y la alianza total contra la Vieja Compañera.
_tEl Alamein de la cobaya ES-151-003
_tStalingrado, las setas mágicas de la victoria.
_tMi batalla de Kursk en el lago de Banyoles.
_tLa caída de II Duce y el adiós a las pastillas.
_tMi desembarco de Normandía del Camino de Santiago.
_tLas Ardenas II, cuando la pandemia me paró la mente.
_tAlamogordo, mis ocho días internado.
563 _aRústico
600 0 _aLugilde, Anxo,
_xBiografías.
700 _96096
_aJuan, Jordi,
_eprologuista
942 _cBK
945 _aJTF-925
999 _c67149
_d67149